Ngữ âm học và âm vị học trong tiếng Anh = English phonetics and phonology /

Phương pháp sử dụng sách; Nhập đề; Sự tạo âm; Nguyên âm dài, nguyên âm đôi, nguyên âm ba; Phát âm và phụ âm...

Guardat en:
Dades bibliogràfiques
Autor principal: Roach, Peter.
Altres autors: Đặng Lâm Hùng (dịch và chú giải.), Đặng Tuấn Anh (dịch và chú giải.)
Format: Llibre
Idioma:English
Vietnamese
Publicat: Tp.HCM : Nxb Trẻ, 2001.
Matèries:
Etiquetes: Afegir etiqueta
Sense etiquetes, Sigues el primer a etiquetar aquest registre!
Thư viện lưu trữ: Mạng thư viện Đại học Đà Nẵng
LEADER 01630cam a22004091a 4500
001 000035648
003 11935
005 20201103144815.0
008 160318s2001 vm 000 eng
040 |a lnn  |c lnn  |d lnn 
041 1 |a eng  |a vie 
082 1 4 |a 421.5  |b RO-P 
100 1 |a Roach, Peter. 
245 1 0 |a Ngữ âm học và âm vị học trong tiếng Anh =  |b English phonetics and phonology /  |c Peter Roach ; Dịch và chú giải: Đặng Lâm Hùng, Đặng Tuấn Anh. 
246 3 8 |a English phonetics and phonology. 
260 |a Tp.HCM :  |b Nxb Trẻ,  |c 2001. 
300 |a 432 p. ;  |c 20.5 cm. 
520 3 |a Phương pháp sử dụng sách; Nhập đề; Sự tạo âm; Nguyên âm dài, nguyên âm đôi, nguyên âm ba; Phát âm và phụ âm... 
630 0 4 |a English language. 
630 0 4 |a Anh ngữ. 
630 0 4 |a Ngữ âm học và âm vị học. 
630 0 4 |a Phonetics and phonology. 
650 0 4 |a Anh ngữ  |x Ngữ âm học và âm vị học. 
650 0 4 |a English language  |x Phonetics and phonology. 
700 1 |a Đặng Lâm Hùng,  |e dịch và chú giải. 
700 1 |a Đặng Tuấn Anh,  |e dịch và chú giải. 
OWN |a LNN 
902 |a TKA 
AVA |a UDN50  |b LNN  |c English  |e available  |t Error 5001 Not defined in file expand_doc_bib_avail.  |f 2  |g 0  |h N  |i 0  |j AN 
999 |a From the UDN01 
AVA |a UDN50  |b LNN  |c English  |e available  |t Error 5001 Not defined in file expand_doc_bib_avail.  |f 2  |g 0  |h N  |i 0  |j AN 
TYP |a Monograph 
TYP |a Printed language 
980 |a Mạng thư viện Đại học Đà Nẵng